[Event "Wichern op 5th"]
[Site "Hamburg"]
[Date "1999.10.16"]
[Round "2"]
[White "Behling, Harald"]
[Black "Schuler, Michael Arthur"]
[Result "1-0"]
[WhiteElo "1966"]
[BlackElo "1543"]
[PlyCount "73"]
[EventDate "1999.10.15"]
[EventType "swiss"]
[EventRounds "9"]
[EventCountry "GER"]
[SourceTitle "EXT 2001"]
[Source "ChessBase"]
[SourceDate "2000.11.22"]
[SourceVersion "1"]
[SourceVersionDate "2000.11.22"]
[SourceQuality "1"]

1. e3 Nf6 2. f4 g6 3. Nf3 Bg7 4. Be2 0-0 5. 0-0 d5 6. d4 Bg4 7. Nbd2 Nbd7 8. c3 c5 9. Ne5 Bxe2 10. Qxe2 cxd4 11. exd4 Nxe5 12. fxe5 Nd7 13. Nf3 e6 14. Bg5 Qe8 15. Rae1 f6 16. exf6 Nxf6 17. Bxf6 Rxf6 18. Ng5 Rxf1+ 19. Qxf1 Qe7 20. Nf3 Rf8 21. Qe2 Re8 22. Ne5 Rf8 23. Nd3 Re8 24. Nf4 e5 25. Nxd5 Qd6 26. Qc4 Kh8 27. Nb4 Qd7 28. d5 b5 29. Qe4 a5 30. Nc6 a4 31. g3 Qd6 32. Rf1 Qc5+ 33. Kg2 a3 34. bxa3 Qxa3 35. Rf2 Qxc3 36. d6 Re6 37. d7 1-0